[Event "11th Norway Blitz 2023"]
[Site "Stavanger NOR"]
[Date "2023.05.29"]
[Round "5.2"]
[White "Giri,A"]
[Black "Nakamura,Hi"]
[Result "1/2-1/2"]
[WhiteElo "2768"]
[BlackElo "2775"]

1.d4 Nf6 2.c4 e6 3.Nf3 Bb4+ 4.Nbd2 O-O 5.g3 b6 6.Bg2 Bb7 7.O-O Bxd2 8.Bxd2 Be4
9.Rc1 d6 10.Bg5 Nbd7 11.Nd2 Bxg2 12.Kxg2 h6 13.Bxf6 Qxf6 14.e3 e5 15.Qf3 Qe7
16.Qc6 Nf6 17.Rfe1 Rad8 18.Ne4 Nxe4 19.Qxe4 f5 20.Qc6 Rf7 21.dxe5 Qxe5 22.b4 a5
23.a3 Kh8 24.Red1 axb4 25.axb4 Rdf8 26.c5 dxc5 27.bxc5 Rf6 28.Qd5 Qxd5+ 29.Rxd5 c6
30.Rd7 b5 31.Ra1 Re8 32.Raa7 Rg6 33.h4 h5 34.Rac7 Ree6 35.Kf3 Kh7 36.Ke2 Re5
37.Rd8 Rxc5 38.Rcc8 Rg4 39.Rh8+ Kg6 40.Rhd8 Rgc4 41.Rc7 Kh7 42.f4 Rd5 43.Rxd5 cxd5
44.Rb7 Rc2+ 45.Kf3 Rb2 46.Rd7 b4 47.Rxd5 Kg6 48.Rd6+ Kf7 49.Rb6 Rb1 50.e4 fxe4+
51.Kxe4 g6 52.f5 Re1+ 53.Kf3 Rf1+ 54.Kg2 Rxf5 55.Rxb4  1/2-1/2

[Event "11th Norway Blitz 2023"]
[Site "Stavanger NOR"]
[Date "2023.05.29"]
[Round "7.2"]
[White "Gukesh,D"]
[Black "Nakamura,Hi"]
[Result "1/2-1/2"]
[WhiteElo "2732"]
[BlackElo "2775"]

1.d4 Nf6 2.c4 e6 3.Nf3 Bb4+ 4.Nbd2 O-O 5.a3 Be7 6.e4 d6 7.Be2 Nc6 8.O-O a5
9.b3 e5 10.d5 Nb8 11.Bb2 c5 12.Ne1 Ne8 13.Nd3 Bf6 14.g3 Bh3 15.Re1 g6 16.Bg4 Bxg4
17.Qxg4 Nd7 18.Qe2 Bg7 19.Bc3 f5 20.f3 Nef6 21.b4 axb4 22.axb4 Qc7 23.Kh1 h5
24.bxc5 Nxc5 25.Nxc5 Qxc5 26.Rab1 Ra2 27.Rb5 Qc8 28.exf5 Qxf5 29.Rxb7 Bh6
30.f4 h4 31.Rb2 Rxb2 32.Bxb2 hxg3 33.hxg3 Nh5 34.Ne4 Qxe4+ 35.Qxe4 Nxg3+
36.Kg2 Nxe4 37.Rxe4 Bxf4 38.c5 Rc8 39.c6 Ra8 40.Rb4 Bg5 41.Rb7 Bd8 42.Kf3 Kf8
43.Ke4 Ra4+ 44.Kd3 Ra5 45.Kc4 Rc5+ 46.Kb4 Ba5+ 47.Ka4 Rxd5 48.c7 Bxc7 49.Rxc7 g5
50.Rc4 Kf7 51.Kb3 Rd2 52.Bc1 Rg2 53.Kc3 g4 54.Kd3 Ke6 55.Rc6 Rg1 56.Be3 Ra1
57.Rb6 Ra3+ 58.Ke2 Kd5 59.Rb4 e4 60.Rb5+ Kc4 61.Rb2 d5 62.Rd2 Rd3 63.Rxd3 exd3+
64.Kd2 g3 65.Bg1 g2 66.Bf2 g1=B 67.Bxg1 Kb5 68.Kxd3 d4 69.Bxd4  1/2-1/2

[Event "11th Norway Blitz 2023"]
[Site "Stavanger NOR"]
[Date "2023.05.29"]
[Round "8.2"]
[White "Nakamura,Hi"]
[Black "Tari,A"]
[Result "1-0"]
[WhiteElo "2775"]
[BlackElo "2642"]

1.b4 e5 2.Bb2 Bxb4 3.Bxe5 Nf6 4.e3 O-O 5.c3 Ba5 6.Nf3 Re8 7.Be2 d5 8.O-O c5
9.Bxf6 Qxf6 10.d4 cxd4 11.cxd4 Nc6 12.Nbd2 Qd6 13.Nb3 Bc7 14.Rc1 Bg4 15.g3 Re7
16.Nh4 Bh3 17.Bg4 Bxg4 18.Qxg4 Re4 19.Qh3 Bb6 20.Nc5 Bxc5 21.Rxc5 g6 22.Ng2 b6
23.Rc3 Na5 24.Nf4 Nc4 25.Rb1 a6 26.a4 Kg7 27.Qg4 Nd2 28.Rd1 Qb4 29.Rc7 Nc4
30.Qd7 Nd6 31.Rdc1 Rxf4 32.gxf4 Rf8 33.Qe7 a5 34.Qe5+ Kg8 35.Qxd5 Nf5 36.Rc8 Rxc8
37.Rxc8+ Kg7 38.Qc4 Qb1+ 39.Qc1 Qe4 40.Qc6 Qb1+ 41.Kg2 Nh4+ 42.Kh3 Nf5 43.Kg2 Nh4+
44.Kg3 Nf5+ 45.Kf3 Qd1+ 46.Ke4 Ne7 47.Qc2 Qh1+ 48.f3 Nxc8 49.Qxc8 Qxh2 50.d5 Qb2
51.d6 Qb1+ 52.Kd5 Qd1+ 53.Kc6 Qxa4+ 54.Kb7 Qb4 55.d7 Qe7 56.Ka6  1-0

[Event "11th Norway Blitz 2023"]
[Site "Stavanger NOR"]
[Date "2023.05.29"]
[Round "9.2"]
[White "Mamedyarov,S"]
[Black "Nakamura,Hi"]
[Result "0-1"]
[WhiteElo "2738"]
[BlackElo "2775"]

1.d4 Nf6 2.c4 e6 3.Nf3 Bb4+ 4.Bd2 c5 5.g3 b6 6.Bxb4 cxb4 7.Bg2 Bb7 8.O-O a5
9.Qd3 O-O 10.Nbd2 d6 11.e4 e5 12.Rad1 Nc6 13.Rfe1 Re8 14.h3 Qc7 15.Nf1 Rad8
16.Ne3 Qb8 17.Nd5 Nd7 18.h4 exd4 19.Nxd4 Nc5 20.Qe3 Nxd4 21.Rxd4 f5 22.Red1 Bxd5
23.Rxd5 fxe4 24.Qd4 Re6 25.Bh3 Rf6 26.Bg2 Rdf8 27.Rd2 Qe8 28.Rxd6 Rxd6 29.Qxd6 e3
30.fxe3 Qxe3+ 31.Kh2 Re8 32.Rd4 Qe5 33.Qc6 Rf8 34.Qd5+ Qxd5 35.Bxd5+ Kh8
36.Kg2 Rd8 37.Kf3 Na4 38.Rd2 g6 39.Re2 Rf8+ 40.Kg2 Kg7 41.Bc6 Nc5 42.Bd5 Kf6
43.b3 Rd8 44.g4 Rd7 45.g5+ Kf5 46.Kf3 h6 47.gxh6 Rh7 48.Be4+ Kf6 49.h5 Nxe4
50.Rxe4 gxh5 51.Rd4 Rxh6 52.Rd6+ Kg5 53.Rd5+ Kh4 54.c5 Rf6+ 55.Kg2 b5 56.Rd4+ Kg5
57.Kg3 Rf5 58.c6 Rc5 59.c7 Rc3+ 60.Kg2 Rxc7 61.Rd5+ Kg4 62.Rd4+ Kf5 63.Rd5+ Ke4
64.Rxh5 Rc2+ 65.Kg3 Rxa2 66.Rxb5 Kd4  0-1

[Event "11th Norway Chess 2023"]
[Site "Stavanger NOR"]
[Date "2023.05.30"]
[Round "1.5"]
[White "So,W"]
[Black "Nakamura,Hi"]
[Result "1/2-1/2"]
[WhiteElo "2760"]
[BlackElo "2775"]

1.e4 e5 2.Nf3 Nc6 3.Bb5 Nf6 4.O-O Nxe4 5.Re1 Nd6 6.Nxe5 Be7 7.Bf1 Nxe5 8.Rxe5 O-O
9.d4 Bf6 10.Re2 Ne8 11.d5 d6 12.Nd2 Bg5 13.Nc4 Bxc1 14.Rxc1 Qg5 15.Qd2 Qxd2
16.Rxd2 Nf6 17.Re1 Bd7 18.f3 h5 19.h4 Rfe8 20.Rxe8+ Bxe8 21.Kf2 a5 22.b3 Nd7
23.Na3 Nf6 24.Bb5 Kf8 25.Bxe8 Kxe8 26.Nb5 Kd7 27.c4 Ng8 28.Re2 Nh6 29.Re4 c6
30.Nc3 Re8 31.Rxe8 Kxe8 32.Ne4 Kd7 33.Ng3 g6 34.Ne4 cxd5 35.cxd5 b5 36.g3 Nf5
37.g4 hxg4 38.fxg4 Nxh4 39.Kg3 g5 40.Nxg5 Ng6 41.Nxf7 Ne7 42.g5 Nxd5 43.Kg4 Ne7
44.Kf4 Ke6 45.Nd8+ Kd5 46.a4 bxa4 47.bxa4 Kc5 48.Nb7+ Kb4 49.Nxd6 Kxa4 50.Nb7 Kb4
51.Nxa5 Kxa5 52.Ke5 Ng6+ 53.Kf6 Nh4 54.g6 Nxg6 55.Kxg6  1/2-1/2

[Event "11th Norway Armageddon"]
[Site "Stavanger NOR"]
[Date "2023.05.30"]
[Round "1.5"]
[White "So,W"]
[Black "Nakamura,Hi"]
[Result "1-0"]
[WhiteElo "2760"]
[BlackElo "2775"]

1.e4 e5 2.Nf3 Nc6 3.Bc4 Nf6 4.d3 Bc5 5.O-O d6 6.c3 a6 7.Re1 O-O 8.Nbd2 Ng4
9.Re2 Kh8 10.h3 Nh6 11.Nb3 Ba7 12.d4 Qf6 13.Re1 Ng8 14.Be3 h6 15.Kh2 Nge7
16.Bf1 Qg6 17.Bd3 f5 18.exf5 Bxf5 19.Nh4 Qf6 20.Nxf5 Nxf5 21.Bc2 exd4 22.cxd4 Ncxd4
23.Bxd4 Bxd4 24.Bxf5 Be5+ 25.f4 Bxf4+ 26.g3 Bxg3+ 27.Kxg3 Qxf5 28.Qd2 Qg6+
29.Kh2 Rf3 30.Qg2 Qf6 31.Rf1 Rf4 32.Rxf4 Qxf4+ 33.Kh1 c6 34.Rg1 Rg8 35.Qg3 Qf6
36.Qc3 Qxc3 37.bxc3 Re8 38.Kh2 Re4 39.Rg4 Re3 40.Rg3 Re4 41.Na5 Re7 42.Rg2 c5
43.Rd2 b5 44.c4 Re3 45.cxb5 axb5 46.Nb7 c4 47.Nxd6 c3 48.Rf2 b4 49.Kg2 Kg8
50.Nc4 Rd3 51.Na5 g5 52.Nc6 c2 53.Rxc2 b3 54.axb3 Rxb3 55.Nd4 Rb6 56.Rc6 Rb4
57.Nf5 Rb2+ 58.Kg3 Rb3+ 59.Kg2 Rb2+ 60.Kf3 Rb3+ 61.Kg4 h5+ 62.Kxg5 Kf7 63.Rf6+ Ke8
64.h4 Kd7 65.Kxh5 Rf3 66.Kg4 Rf1 67.h5 Rg1+ 68.Kf4  1-0

[Event "11th Norway Chess 2023"]
[Site "Stavanger NOR"]
[Date "2023.05.31"]
[Round "2.3"]
[White "Gukesh,D"]
[Black "Nakamura,Hi"]
[Result "0-1"]
[WhiteElo "2732"]
[BlackElo "2775"]

1.d4 d5 2.c4 e6 3.Nc3 c5 4.e3 Nf6 5.Nf3 Nc6 6.a3 dxc4 7.Bxc4 a6 8.O-O b5
9.Bd3 Bb7 10.Re1 Qc7 11.Qe2 Rd8 12.Rd1 cxd4 13.exd4 Be7 14.a4 b4 15.Ne4 Nxe4
16.Bxe4 O-O 17.Be3 Na5 18.Rac1 Qb8 19.Bb1 Bd5 20.Ne5 Qb7 21.Bd3 Ra8 22.Bf4 f5
23.Nf3 Bd8 24.Re1 Nb3 25.Rc2 Bb6 26.Qe5 Rac8 27.Rxc8 Rxc8 28.Qe2 Ra8 29.Qe3 Qc6
30.Be5 Qd7 31.Ng5 Na5 32.h4 Nc6 33.Rc1 Nxe5 34.Qxe5 h6 35.Nh3 Rc8 36.Re1 a5
37.Bb5 Qc7 38.Qe3 Qd6 39.Bd3 Ba2 40.Nf4 Bxd4 41.Qd2 Be5 42.Ng6 Bf6 43.Qe2 Qd4
44.Rd1 Bb3 45.Rd2 Rd8 46.h5 Qg4 47.Qe3 Bd4 48.Be2 Qe4 49.Qxe4 fxe4 50.Kf1 Bf6
51.Rxd8+ Bxd8 52.Ne5 Bxa4 53.Bc4 Kf8 54.Bxe6 Bf6 55.Ng6+ Ke8 56.b3 Bb5+ 57.Ke1 Bc3+
58.Kd1 Bd4 59.Bd5 Bxf2 60.Bxe4 Bd4 61.Bd5 Kd7 62.Nh4 Kd6 63.Bg8 Bd7 64.Bf7 Bf6
65.Nf3 Bc6 66.Bg6 Bd5 67.Kc2 Bc3 68.Bf5 Ke7 69.Bg6 Kf6 70.Bd3 Bf7 71.g4 Be6  0-1

[Event "11th Norway Chess 2023"]
[Site "Stavanger NOR"]
[Date "2023.06.01"]
[Round "3.1"]
[White "Nakamura,Hi"]
[Black "Carlsen,M"]
[Result "1/2-1/2"]
[WhiteElo "2775"]
[BlackElo "2853"]

1.e4 e5 2.Nf3 Nc6 3.Bb5 a6 4.Ba4 Nf6 5.O-O Be7 6.Re1 b5 7.Bb3 O-O 8.c3 d5
9.exd5 Nxd5 10.Nxe5 Nxe5 11.Rxe5 c6 12.d3 Bd6 13.Re1 Bf5 14.Qf3 Qh4 15.g3 Qh3
16.Nd2 Rae8 17.Ne4 Bg4 18.Qg2 Qxg2+ 19.Kxg2 f5 20.h3 Bh5 21.Bf4 Bxf4 22.gxf4 fxe4
23.dxe4 Bf3+ 24.Kxf3 Rxf4+ 25.Kg3 Rfxe4 26.Rxe4 Rxe4 27.Kf3 Rf4+ 28.Kg3 Re4
29.Kf3 Rf4+ 30.Kg3 Re4 31.Kf3  1/2-1/2

[Event "11th Norway Armageddon"]
[Site "Stavanger NOR"]
[Date "2023.06.03"]
[Round "4.2"]
[White "Giri,A"]
[Black "Nakamura,Hi"]
[Result "0-1"]
[WhiteElo "2768"]
[BlackElo "2775"]

1.e4 e5 2.Nf3 Nc6 3.Bb5 Nf6 4.O-O Nxe4 5.d4 Nd6 6.Bxc6 dxc6 7.dxe5 Nf5 8.Qxd8+ Kxd8
9.h3 Bd7 10.Rd1 Be7 11.g4 Nh4 12.Nxh4 Bxh4 13.Nd2 Be7 14.Ne4 Ke8 15.Bf4 Be6
16.b3 a5 17.Rd3 a4 18.Rad1 h6 19.Ng3 g6 20.Ne4 Kf8 21.Be3 b6 22.Nc3 axb3
23.axb3 Kg7 24.Ne2 Bc8 25.c4 Re8 26.Kg2 Bf8 27.Kg3 Kg8 28.f4 Bg7 29.h4 b5
30.cxb5 cxb5 31.Nc3 c6 32.Ne4 Be6 33.Nd6 Red8 34.g5 hxg5 35.hxg5 Ra3 36.b4 Rda8
37.Bc5 Bf8 38.Nb7 Bd5 39.Bxf8 Kxf8 40.Na5 Ra4 41.Rd4 Ke7 42.Kf2 Rh8 43.Kg3 Ra2
44.R1d2 Ra1 45.Rd1 Ra2 46.R4d2 Ra3+ 47.Rd3 Ra2 48.R1d2 Ra1 49.Rd1 Ra2 50.Rxd5 cxd5
51.Rxd5 Rc8 52.Kf3 Rc3+ 53.Ke4 Re2+ 54.Kd4 Rd2+ 55.Kxc3 Rxd5 56.Nb7 Kd7 57.Nc5+ Kc6
58.Ne4 Rd1 59.Nd6 Rf1 60.Nxf7 Rf3+ 61.Kd2 Rxf4 62.Nh8 Rxb4 63.Nxg6 Rg4 64.e6 Rxg5
65.Nf4 Kd6 66.Kc3 Rg3+ 67.Kb2 Rg4 68.Ne2 Kxe6 69.Nc3 Kd7 70.Kb3 Kc6  0-1

[Event "11th Norway Chess 2023"]
[Site "Stavanger NOR"]
[Date "2023.06.03"]
[Round "4.2"]
[White "Giri,A"]
[Black "Nakamura,Hi"]
[Result "1/2-1/2"]
[WhiteElo "2768"]
[BlackElo "2775"]

1.e4 c5 2.Nf3 Nc6 3.Bb5 g6 4.Bxc6 bxc6 5.O-O Bg7 6.Re1 Qc7 7.d3 e5 8.c3 Nf6
9.d4 cxd4 10.cxd4 exd4 11.Qxd4 O-O 12.Nc3 Qb6 13.Qxb6 axb6 14.e5 Ne8 15.Be3 Ra6
16.Rad1 f6 17.Bd4 fxe5 18.Bxe5 d5 19.Bxg7 Nxg7 20.Ne5 Bb7 21.a4 Nf5 22.Nf3 c5
23.Nxd5 Rxa4 24.Nxb6 Rb4 25.Nd7 Bxf3 26.gxf3 Nh4 27.Nxf8 Nxf3+ 28.Kg2 Nxe1+
29.Rxe1 Kxf8 30.Re5 Rxb2 31.Rxc5 Rb4 32.Rc7 Kg8 33.Kg3 g5 34.Rc5 h6 35.Rc7 Rf4
36.f3 Rb4 37.Re7 Ra4 38.Rd7 Rb4 39.Re7 Ra4 40.Rd7 Rb4  1/2-1/2

[Event "11th Norway Chess 2023"]
[Site "Stavanger NOR"]
[Date "2023.06.04"]
[Round "5.4"]
[White "Nakamura,Hi"]
[Black "Tari,A"]
[Result "1-0"]
[WhiteElo "2775"]
[BlackElo "2642"]

1.e4 e5 2.Bc4 Nf6 3.d3 Bc5 4.Nc3 c6 5.Bb3 d6 6.h3 O-O 7.Nf3 a5 8.O-O Nbd7
9.a3 b5 10.Ba2 a4 11.Nh4 Ba7 12.Qf3 Nc5 13.Nf5 Bxf5 14.Qxf5 Re8 15.Bd2 Ne6
16.Ne2 d5 17.exd5 Nxd5 18.Rae1 Qd6 19.Qg4 Rad8 20.Ng3 Nd4 21.Bg5 Rb8 22.Be3 Qg6
23.c3 Nxe3 24.fxe3 Nb3 25.Ne4 Qxg4 26.hxg4 c5 27.Bxb3 axb3 28.c4 Red8 29.Rd1 Rd7
30.Kf2 h5 31.gxh5 f5 32.Nc3 b4 33.Nb5 f4 34.axb4 Bb6 35.exf4 cxb4+ 36.Kf3 exf4
37.d4 Rbd8 38.Rd3 Rc8 39.Rc1 Rd5 40.c5 Rg5 41.Nd6 Rc6 42.cxb6  1-0

[Event "11th Norway Chess 2023"]
[Site "Stavanger NOR"]
[Date "2023.06.05"]
[Round "6.3"]
[White "Firouzja,Alireza"]
[Black "Nakamura,Hi"]
[Result "1/2-1/2"]
[WhiteElo "2785"]
[BlackElo "2775"]

1.e4 c5 2.Nf3 Nc6 3.Bb5 g6 4.O-O Bg7 5.Bxc6 bxc6 6.Re1 Qc7 7.Na3 Nh6 8.c3 O-O
9.h3 f6 10.d4 cxd4 11.cxd4 d5 12.Bd2 Qb7 13.e5 Nf7 14.Nc2 Bf5 15.exf6 exf6
16.Rc1 a5 17.b4 a4 18.Bf4 Rfd8 19.a3 Nd6 20.Ne3 Be6 21.Bxd6 Rxd6 22.Re2 Qb6
23.Qc2 Bd7 24.Rce1 Re6 25.Nd1 Rxe2 26.Qxe2 Bf8 27.Nb2 Qb5 28.Qd2 Bd6 29.Nh2 Qb8
30.Nf1 Kg7 31.Ne3 h5 32.Nd3 Qc8 33.h4 Be6 34.Nc5 Bf7 35.Qc2 Ra7 36.Rc1 Bf4
37.Nd3 Bd6 38.Nc5  1/2-1/2

[Event "11th Norway Chess 2023"]
[Site "Stavanger NOR"]
[Date "2023.06.06"]
[Round "7.4"]
[White "Nakamura,Hi"]
[Black "Mamedyarov,S"]
[Result "1/2-1/2"]
[WhiteElo "2775"]
[BlackElo "2738"]

1.d4 d5 2.c4 dxc4 3.e4 e5 4.Nf3 Bb4+ 5.Nc3 Nf6 6.Nxe5 b5 7.f3 O-O 8.a4 c5
9.Be3 cxd4 10.Qxd4 Qe7 11.axb5 Rd8 12.Qxc4 Be6 13.Qe2 Qc7 14.Nc4 Nbd7 15.Ra6 Nc5
16.Rc6 Qe7 17.Qf2 Ncxe4 18.fxe4 Nxe4 19.Qf4 Nxc3 20.bxc3 Bxc3+ 21.Kf2 Rd5
22.Qe4 Qf6+ 23.Kg1 Rad8 24.Bxa7 Rf5 25.Bd3 Rfd5 26.Bf1 Rf5 27.Bd3 Rfd5 28.Bf1  1/2-1/2

[Event "11th Norway Armageddon"]
[Site "Stavanger NOR"]
[Date "2023.06.06"]
[Round "7.4"]
[White "Nakamura,Hi"]
[Black "Mamedyarov,S"]
[Result "1-0"]
[WhiteElo "2775"]
[BlackElo "2738"]

1.Nf3 d5 2.b3 c5 3.e3 Nf6 4.Bb2 g6 5.Bxf6 exf6 6.c3 Bg7 7.d4 Qe7 8.g3 O-O
9.Bg2 Rd8 10.O-O b6 11.Ne1 Nc6 12.Nd3 Bf5 13.Nf4 Be4 14.Bh3 Bh6 15.Ne2 Bf3
16.Re1 cxd4 17.cxd4 Bxe3 18.fxe3 Qxe3+ 19.Kf1 Re8 20.Nd2 Bxe2+ 21.Qxe2 Qh6
22.Qg2 Nxd4 23.Bg4 Nc2 24.Bf3 Ne3+ 25.Rxe3 Qxe3 26.Qf2 Rac8 27.Qxe3 Rxe3
28.Kf2 Rec3 29.a4 Rc2 30.Ke3 d4+ 31.Kd3 R8c3+ 32.Kxd4 Rc7 33.Nf1 Rd7+ 34.Bd5 f5
35.Rd1 Kg7 36.h4 Re2 37.Ne3 Rb2 38.Rd3 h5 39.Kc4 Rf2 40.Rd4 Re2 41.Rd3 Rf2
42.Rd4 Re2 43.Nd1 Rc2+ 44.Kd3 Rh2 45.Ke3 Re7+ 46.Kf4 Rd7 47.b4 Re2 48.Kf3 Re1
49.Kf2 Re4 50.Rxe4 fxe4 51.Nc3 f5 52.Ke3 Kf6 53.Kd4 g5 54.a5 gxh4 55.gxh4 bxa5
56.bxa5 a6 57.Ne2 Rg7 58.Bc4 Rd7+ 59.Bd5 Rg7 60.Bc6 Rg4 61.Bb7 Rxh4 62.Bxa6 e3+
63.Kc5 f4 64.Bb7 Rh2 65.Bf3 Rf2 66.a6 Rxf3 67.a7 Rf2 68.Nc3 Ra2  1-0

[Event "11th Norway Chess 2023"]
[Site "Stavanger NOR"]
[Date "2023.06.08"]
[Round "8.3"]
[White "Abdusattorov,Nodirbek"]
[Black "Nakamura,Hi"]
[Result "1/2-1/2"]
[WhiteElo "2731"]
[BlackElo "2775"]

1.e4 e5 2.Nf3 Nc6 3.Bb5 Nf6 4.O-O Nxe4 5.Re1 Nd6 6.Nxe5 Be7 7.Bf1 Nxe5 8.Rxe5 O-O
9.d4 Bf6 10.Re2 Nc4 11.b3 Nb6 12.a4 Nd5 13.Re1 Ne7 14.c3 d5 15.a5 c6 16.b4 Nf5
17.Bd3 g6 18.Bf4 Ng7 19.Nd2 Bf5 20.Bf1 Be7 21.Nb3 Bd6 22.Bg3 Qc7 23.Nc5 Bxg3
24.hxg3 Rae8 25.Rxe8 Rxe8 26.b5 cxb5 27.Bxb5 Rd8 28.Qb3 Ne6 29.Nxe6 Bxe6
30.Qb4 Rc8 31.Ra3 h5 32.Be2 Kg7 33.Qb2 Kg8 34.Bf3 Kg7 35.Qe2 Kg8 36.Qb5 Qe7
37.Rb3 Rc7 38.Qe2 Qd7 39.Qb2 Qa4 40.Ra3 Qd7 41.Rb3 Qa4 42.Qa3 Qd7 43.Be2 Bf5
44.Qb2 Be6 45.Rb5 Qc6 46.Rc5 Qd6 47.Qb4 b6 48.Rxc7 Qxc7 49.a6 Kg7 50.Kf1 Kf6
51.Kg1 Qe7 52.Qb2 Qc7 53.Qb4 Qe7 54.Qb2 Qc7 55.Qb4  1/2-1/2

[Event "11th Norway Armageddon"]
[Site "Stavanger NOR"]
[Date "2023.06.08"]
[Round "8.3"]
[White "Abdusattorov,Nodirbek"]
[Black "Nakamura,Hi"]
[Result "1-0"]
[WhiteElo "2731"]
[BlackElo "2775"]

1.e4 e5 2.Nf3 Nc6 3.Bb5 Nf6 4.O-O Nxe4 5.Re1 Nd6 6.Nxe5 Be7 7.Bf1 Nf5 8.Nf3 O-O
9.d4 d5 10.c3 Bd6 11.Nbd2 Nce7 12.a4 a5 13.Bd3 c6 14.Nf1 g6 15.Bd2 Ng7 16.Ng3 Nef5
17.Qb3 Nh4 18.Nxh4 Qxh4 19.Nf1 Qd8 20.h3 Ne6 21.Bh6 Re8 22.g3 Bd7 23.Nh2 Bf8
24.Bxf8 Kxf8 25.h4 Qc7 26.Nf3 Kg7 27.Ne5 Bc8 28.Qc2 c5 29.Bb5 Re7 30.Qd2 Nf8
31.h5 c4 32.h6+ Kg8 33.Qf4 f5 34.Nxc4 Qxf4 35.gxf4 Ne6 36.Nb6 Rb8  1-0

[Event "Bullet Chess Winners 2023"]
[Site "chess.com INT"]
[Date "2023.07.17"]
[Round "1.5"]
[White "Nakamura,Hi"]
[Black "Ohanyan,Emin"]
[Result "1-0"]
[WhiteElo "2787"]
[BlackElo "2489"]

1.e4 e5 2.Nc3 Nf6 3.f4 d5 4.exd5 exf4 5.Bc4 Nbd7 6.Nf3 Nb6 7.Bb3 Be7 8.Qe2 O-O
9.O-O Bb4 10.d4 Bxc3 11.bxc3 Nbxd5 12.c4 Ne3 13.Bxe3 fxe3 14.Qxe3 c6 15.Ne5 Be6
16.Rf4 Nd7 17.d5 Nxe5 18.dxe6 f6 19.c5 Qe7 20.Rd1 Rfd8 21.Rd6 Rxd6 22.cxd6 Qxd6
23.Rd4 Qe7 24.Rd2 Rd8 25.Rxd8+ Qxd8 26.e7+  1-0

[Event "Bullet Chess Winners 2023"]
[Site "chess.com INT"]
[Date "2023.07.17"]
[Round "1.22"]
[White "Ohanyan,Emin"]
[Black "Nakamura,Hi"]
[Result "0-1"]
[WhiteElo "2489"]
[BlackElo "2787"]

1.d4 g6 2.e4 Bg7 3.Be3 a6 4.f3 b5 5.Qd2 Bb7 6.a4 bxa4 7.Rxa4 d6 8.Ra1 Nd7
9.Ne2 c5 10.Nbc3 cxd4 11.Bxd4 Ngf6 12.h4 O-O 13.h5 e5 14.h6 Bh8 15.Be3 Nb6
16.b3 d5 17.Bg5 Qc7 18.Bxf6 Bxf6 19.Nxd5 Nxd5 20.exd5 e4 21.Rd1 exf3 22.gxf3 Rfe8
23.Kf2 Rad8 24.Nf4 Bg5 25.Ne6 Qb6+  0-1

[Event "Bullet Chess Winners 2023"]
[Site "chess.com INT"]
[Date "2023.07.17"]
[Round "1.23"]
[White "Nakamura,Hi"]
[Black "Ohanyan,Emin"]
[Result "1-0"]
[WhiteElo "2787"]
[BlackElo "2489"]

1.Nf3 g6 2.e4 Bg7 3.d4 c5 4.dxc5 Nc6 5.c3 Qa5 6.Be3 Nf6 7.Nbd2 Ng4 8.Bd4 e5
9.Nc4 Qc7 10.Be3 Nxe3 11.Nxe3 Ne7 12.Qd6 Qxd6 13.cxd6 Nc6 14.Nd5 Kd8 15.O-O-O b6
16.Bc4 Bb7 17.Nc7 Rc8 18.Bxf7 Rf8 19.Bd5 Na5 20.Bxb7 Nxb7 21.Kb1 Nxd6 22.Rxd6 Kxc7
23.Rhd1 Rf7 24.Ng5 Re7 25.R6d3 h6 26.Nh3 g5 27.f3 Rf8 28.Nf2 Rd8 29.Ng4 d6
30.Ne3  1-0

[Event "Bullet Chess Winners 2023"]
[Site "chess.com INT"]
[Date "2023.07.17"]
[Round "1.24"]
[White "Ohanyan,Emin"]
[Black "Nakamura,Hi"]
[Result "0-1"]
[WhiteElo "2489"]
[BlackElo "2787"]

1.e4 g6 2.Nc3 Bg7 3.d4 a6 4.f4 b5 5.Nf3 Bb7 6.Bd3 d6 7.e5 Nd7 8.Be4 Bxe4
9.Nxe4 Nb6 10.c3 Nh6 11.O-O Qd7 12.Qe2 Qc6 13.Bd2 O-O 14.Rae1 f6 15.exf6 exf6
16.Ng3 f5 17.Qe6+ Nf7 18.Bc1 Rae8 19.Qb3 Nc4 20.Qc2 Nh6 21.h3 Nf7 22.Qd3 Nb6
23.Bd2 Nd5 24.Ne2 Nf6 25.Ng3 Ne4 26.Nh1 Re7 27.Bc1 Rfe8 28.Re3 Qb7 29.Rfe1 c5
30.Nf2 Bf6 31.Nd2 Nxf2 32.Kxf2 cxd4 33.Rxe7 Rxe7 34.Rxe7 Qxe7 35.cxd4 d5
36.Nf3 Nd6 37.Be3 Qc7 38.b3 Ne4+ 39.Ke1 Qa5+ 40.Kf1 Qxa2 41.Ng5 Bxg5 42.fxg5 f4
43.Bg1 Qa1+  0-1

[Event "Bullet Chess Winners 2023"]
[Site "chess.com INT"]
[Date "2023.07.17"]
[Round "1.4"]
[White "Ohanyan,Emin"]
[Black "Nakamura,Hi"]
[Result "1-0"]
[WhiteElo "2489"]
[BlackElo "2787"]

1.d4 g6 2.c4 Bg7 3.Nc3 d6 4.g3 Nc6 5.Bg2 Bd7 6.d5 Ne5 7.Qb3 a5 8.a4 Qc8 9.Nf3 Nh6
10.Nxe5 dxe5 11.c5 Nf5 12.e3 c6 13.O-O O-O 14.Qc4 Rd8 15.e4 Nd4 16.Be3 cxd5
17.exd5 Bf5 18.Rac1 Bh3 19.Rfe1 Bxg2 20.Kxg2 Nf5 21.Nb5 Qd7 22.Rcd1 Rac8
23.Na7 Ra8 24.Nb5 Rdc8 25.Rc1 Qe8 26.c6 bxc6 27.dxc6 Rab8 28.b3 h5 29.h3 Nd6
30.Qd5 Nf5 31.Ba7 Ra8 32.Red1 Nd6 33.Be3 Ra6 34.c7 Bf8 35.Nxd6 exd6 36.Qb7 Raa8
37.Bb6 Qe6 38.Qd5 Qxd5+ 39.Rxd5 Ra6 40.Bxa5 f6 41.b4 Kf7 42.Rb5 Ke6 43.Rb8 Kd7
44.Rd1 Be7 45.Kf3 f5 46.g4 hxg4+ 47.hxg4 e4+ 48.Kf4 fxg4 49.Kxe4 Ra7 50.Rxc8 Kxc8
51.Kd5 Kd7 52.Rh1 Ra8 53.Rh7 Rf8 54.b5 Rf5+ 55.Ke4 Rc5 56.Bb6 Rc4+ 57.Kd5 Rc1
58.a5 g3 59.Ke4 g2 60.f3 g1=Q 61.Bxg1 Rxc7 62.Bb6 Rc4+ 63.Kd5 Rc1 64.a6 Rd1+
65.Bd4 Ra1 66.a7 Ra5 67.Kc4 Ra4+ 68.Kb3 Ra5 69.b6 Ra1 70.Kc4 Ra4+ 71.Kd3 Rxd4+
72.Kxd4 Ke6 73.Rxe7+ Kxe7 74.a8=Q  1-0

[Event "Bullet Chess Winners 2023"]
[Site "chess.com INT"]
[Date "2023.07.17"]
[Round "1.21"]
[White "Nakamura,Hi"]
[Black "Ohanyan,Emin"]
[Result "1-0"]
[WhiteElo "2787"]
[BlackElo "2489"]

1.e4 e5 2.Nf3 Nc6 3.Bc4 Nf6 4.d3 d5 5.exd5 Nxd5 6.Nc3 Be6 7.Ng5 Nxc3 8.Nxe6 Nxd1
9.Nxd8 Rxd8 10.Kxd1 Bd6 11.c3 f6 12.Kc2 Kd7 13.Be3 Rhe8 14.Rhe1 a6 15.f3 Ne7
16.Bf2 c6 17.a4 Nd5 18.g3 a5 19.d4 exd4 20.Bxd4 Rxe1 21.Rxe1 Nc7 22.Bb6 Ra8
23.Rd1 Ne8 24.f4 Ke7 25.Re1+ Kd7 26.Be6+ Ke7 27.Bc8+ Kf8 28.Bxb7 Rb8 29.Bxc6 Rxb6
30.Bxe8  1-0

[Event "Bullet Chess Winners 2023"]
[Site "chess.com INT"]
[Date "2023.07.17"]
[Round "1.6"]
[White "Ohanyan,Emin"]
[Black "Nakamura,Hi"]
[Result "0-1"]
[WhiteElo "2489"]
[BlackElo "2787"]

1.e4 g6 2.Nc3 Bg7 3.d4 a6 4.Nf3 b5 5.h3 Bb7 6.Bd3 d6 7.Qe2 Nd7 8.Be3 e5 9.O-O-O Ngf6
10.g4 Qe7 11.g5 Nh5 12.Nd5 Bxd5 13.exd5 e4 14.Ne1 exd3 15.Nxd3 Nb6 16.Nb4 O-O
17.Qf3 Rfe8 18.Nc6 Qe4  0-1

[Event "Bullet Chess Winners 2023"]
[Site "chess.com INT"]
[Date "2023.07.17"]
[Round "1.7"]
[White "Nakamura,Hi"]
[Black "Ohanyan,Emin"]
[Result "1-0"]
[WhiteElo "2787"]
[BlackElo "2489"]

1.b3 Nf6 2.Bb2 g6 3.Nf3 Bg7 4.e3 O-O 5.d4 d5 6.c4 Ne4 7.Nc3 c6 8.Qc2 Nxc3
9.Bxc3 Nd7 10.Bd3 Nf6 11.O-O Re8 12.h3 a5 13.Rfd1 b6 14.Rac1 Bb7 15.cxd5 Nxd5
16.Be1 Nb4 17.Bxb4 axb4 18.Ne5 c5 19.Bc4 Bxe5 20.dxe5 Qc7 21.e6 f6 22.Rd7 Qc6
23.Bd5 Qxd5 24.Rxd5 Bxd5 25.Rd1 Bxe6 26.Rd2 Kf7 27.Qe4 Red8 28.Rxd8 Rxd8
29.Qc6 Rd6 30.Qc7 h5 31.h4 Rd1+ 32.Kh2 Rd6 33.f3 Bd7 34.g3 Ke6 35.e4 Rc6
36.Qb8 Kf7 37.Qd8 Rd6 38.Qb8 Rd2+ 39.Kg1 Rxa2 40.Qxb6 Rc2 41.e5 f5 42.Qb8 Be6
43.Qh8 Rc3 44.Qh7+ Ke8 45.Qxg6+ Kd7 46.Qxh5 Rxb3 47.Qg5 c4 48.h5 c3 49.h6 Rb1+
50.Kg2 Bg8 51.Qxf5+  1-0

[Event "Bullet Chess Winners 2023"]
[Site "chess.com INT"]
[Date "2023.07.17"]
[Round "1.8"]
[White "Ohanyan,Emin"]
[Black "Nakamura,Hi"]
[Result "0-1"]
[WhiteElo "2489"]
[BlackElo "2787"]

1.d4 g6 2.c4 Bg7 3.Nc3 c5 4.Nf3 f5 5.e3 Nc6 6.Be2 b6 7.d5 Bxc3+ 8.bxc3 Na5
9.h4 Nf6 10.h5 Rg8 11.hxg6 hxg6 12.Nd2 d6 13.f3 Qc7 14.Qc2 Ba6 15.e4 f4 16.Qa4+ Qd7
17.Qa3 Nh5 18.Nb3 Bxc4 19.Nxa5 Bxe2 20.Kxe2 bxa5 21.Kf2 Qb5 22.Qb3 Rb8 23.Rb1 Qxb3
24.Rxb3 Kf7 25.Bd2 a4 26.Rbb1 a3 27.c4 Ng3 28.Rhc1 g5 29.Bc3 Kg6 30.Rb5 a6
31.Rbb1 Rgc8 32.Ke1 Nh5 33.Kd2 Nf6 34.Kc2 Nd7 35.Rb3 Rxb3 36.Kxb3 Rb8+ 37.Kxa3 Nb6
38.Ba5 Nd7 39.Bc3 g4 40.Rh1 Nb6 41.Kb3 Nxd5+ 42.Kc2 Nxc3 43.Kxc3 gxf3 44.gxf3 Kf6
45.Rh4 e5 46.Rh5 Ke7 47.Rh7+ Ke6 48.Ra7 Rg8 49.Kd3 Rg3 50.Ke2 Rg2+ 51.Kf1 Rc2
52.Kg1 Rxa2 53.Rxa6 Rxa6  0-1

[Event "Bullet Chess Winners 2023"]
[Site "chess.com INT"]
[Date "2023.07.17"]
[Round "1.1"]
[White "Nakamura,Hi"]
[Black "Ohanyan,Emin"]
[Result "1-0"]
[WhiteElo "2787"]
[BlackElo "2489"]

1.Nf3 d5 2.b3 Nf6 3.Bb2 Nc6 4.e3 Bg4 5.d4 Bxf3 6.gxf3 e6 7.c4 Ne7 8.Nc3 c6
9.Qc2 Ng6 10.O-O-O Qa5 11.h4 Ba3 12.h5 Ne7 13.h6 g6 14.e4 O-O-O 15.cxd5 exd5
16.e5 Nd7 17.Bh3 Kb8 18.f4 Nf8 19.Kb1 Ne6 20.Ne2 Bxb2 21.Kxb2 Rhf8 22.f5 gxf5
23.Bxf5 Ng6 24.f4 Qb6 25.Qd2 a5 26.Bc2 Nc7 27.f5 Ne7 28.Nf4 Rg8 29.Nh5 Rg4
30.Nf6 Rg3 31.Nxh7 Rh8 32.Nf6 a4 33.Nd7+  1-0

[Event "Bullet Chess Winners 2023"]
[Site "chess.com INT"]
[Date "2023.07.17"]
[Round "1.9"]
[White "Nakamura,Hi"]
[Black "Ohanyan,Emin"]
[Result "1-0"]
[WhiteElo "2787"]
[BlackElo "2489"]

1.d3 g6 2.Nf3 Bg7 3.e4 d5 4.g3 dxe4 5.dxe4 Qxd1+ 6.Kxd1 Nc6 7.Nbd2 Bg4 8.Be2 O-O-O
9.Ng5 Bxe2+ 10.Kxe2 Nd4+ 11.Kd1 Rf8 12.c3 h6 13.Nh3 Ne6 14.f4 Nf6 15.Nf2 Rd8
16.Ke2 Nd7 17.Nf3 f6 18.Be3 a6 19.Nh4 Nef8 20.Rhd1 e6 21.Rd2 g5 22.Nf3 Nb8
23.Nd4 Re8 24.Rad1 Nfd7 25.f5 exf5 26.Nxf5 Bf8 27.Kf3 Ne5+ 28.Kg2 h5 29.Bd4 Nbc6
30.Re2 Re6 31.Nd3 Nxd3 32.Rxd3 Ne5 33.Bxe5 Rxe5 34.Rd5 Re6 35.Red2 Be7 36.Rd7 Bd6
37.Nxd6+ cxd6 38.R7xd6 Rxe4 39.Rxf6 Rhe8 40.Rf5 g4 41.Kf2 Re1 42.Rxh5 Rb1
43.Rg5 Rf8+ 44.Kg2  1-0